000 00305nam a22001337a 4500
008 170505b xxu||||| |||| 00| 0 eng d
020 _a9780495093404
041 _aeng
080 _28 ED
_a343.9
100 _a14
101 _aSHJ
245 _aCRIMINAL INVESTIGATION
_cBENNETT.W.W
942 _2udc
_cBK
999 _c12792
_d12792